| 000 | 00371nam a2200109Ia 4500 | ||
|---|---|---|---|
| 008 | 180219s9999 xx 000 0 und d | ||
| 020 | _a9781284038880 | ||
| 100 | _aLiu, Min | ||
| 245 |
_cButler, Lakesha M. _aPatient communication for pharmacy : _ba case-study approach on theory and practice |
||
| 260 |
_aUSA : _bJones & Barlette learning _c2017 |
||
| 300 | _aviii, 207 pages | ||
| 999 |
_c356006 _d356006 |
||